000 00423nam a2200157Ia 4500
003 Ost
005 20260225132547.0
008 260225s9999||||xx |||||||||||||| ||und||
040 _cfsic
041 _afre
082 _a440
100 _aMinistére de l'enseignement supérieur
_eAuteur
245 0 _aCongrés international de sociologie tome 1-2 /
245 0 _cMinistére de l'enseignement supérieur
942 _cكتاب
999 _c33876
_d33876